000 00507nam a2200157Ia 4500
008 090711s9999 xx 000 0 und d
082 _b60791
100 _aधुमकेतू
245 _aभावी भारतसम्राट
600 _aधुमकेतू
630 _aभावी भारतसम्राट
700 _aधर्माधिकारी भाऊ
700 _aधुमकेतू
730 _aभावी भारतसम्राट
942 _cBOOK
999 _c324307
_d324307